| 000 | 00874pam a2200277 a 4500 | ||
|---|---|---|---|
| 001 | 950689 | ||
| 003 | ARRUPE | ||
| 005 | 20211005095805.0 | ||
| 008 | 840301s1984 onca b 001 0 eng | ||
| 010 | _a 84002975 | ||
| 020 | _a0553341030 (pbk.) | ||
| 040 |
_aDLC _cDLC _dDLC |
||
| 050 | 0 | 0 |
_aQC173.98 _b.G75 1984 |
| 082 | 0 | 0 |
_a530.1/2/09 _219 |
| 100 | 1 |
_aGribbin, John, _d1946- _95599 |
|
| 245 | 1 | 0 |
_aIn search of Schrödinger's cat : _bquantum physics and reality / _cJohn Gribbin. |
| 260 |
_aToronto ; _aNew York : _bBantam Books, _c1984. |
||
| 300 |
_axvi, 302 p. : _bill. ; _c21 cm. |
||
| 500 | _aIncludes index. | ||
| 504 | _aBibliography: p. 277-289. | ||
| 600 | 1 | 0 |
_aSchrödinger, Erwin, _d1887-1961. _924245 |
| 650 | 0 |
_aQuantum theory _xHistory. _913415 |
|
| 650 | 0 | _aReality. | |
| 906 |
_a7 _bcbc _corignew _d1 _eocip _f19 _gy-gencatlg |
||
| 942 |
_2lcc _cMONOGRAPH |
||
| 999 |
_c130680 _d130680 |
||